Existuje v ČR toto ministerstvo? - Statistics

General Stats
  • This quiz has been taken 78 times
  • The average score is 23 of 26
Answer Stats
Hint Answer % Correct
MINISTERSTVO ZAHRANIČNÍCH VĚCÍ ANO
100%
MINISTERSTVO ŽIVOTNÍHO PROSTŘEDÍ ANO
100%
MINISTERSTVO OBRANY ANO
100%
MINISTERSTVO ZDRAVOTNICTVÍ ANO
100%
MINISTERSTVO VNITRA ANO
98%
MINISTERSTVO FINANCÍ ANO
98%
MINISTERSTVO VÁLKY NE
98%
MINISTERSTVO ŠKOLSTVÍ, MLÁDEŽE A TĚLOVÝCHOVY ANO
97%
MINISTERSTVO EXEKUTIVY NE
97%
MINISTERSTVO KULTURY ANO
95%
MINISTERSTVO ZEMĚDĚLSTVÍ ANO
95%
MINISTERSTVO PRŮMYSLU A OBCHODU ANO
94%
MINISTERSTVO PRO ROVNÉ PŘÍLEŽITOSTI NE
94%
MINISTERSTVO PRO MÍSTNÍ ROZVOJ ANO
91%
MINISTERSTVO SOCIÁLNÍ SPRAVEDLNOSTI NE
91%
MINISTERSTVO SLUŽEB NE
89%
MINISTERSTVO SPRAVEDLNOSTI ANO
88%
MINISTERSTVO VLÁDY NE
86%
MINISTERSTVO PRO LEGISLATIVU NE
85%
MINISTERSTVO PRÁCE A SOCIÁLNÍCH VĚCÍ ANO
83%
MINISTERSTVO STÁTNÍ SPRÁVY NE
83%
MINISTERSTVO ENERGETIKY NE
82%
MINISTERSTVO PRO DIGITALIZACI NE
80%
MINISTERSTVO BEZPEČNOSTI NE
68%
MINISTERSTVO SILNIC A DÁLNIC NE
68%
MINISTERSTVO VEŘEJNÝCH VĚCÍ NE
57%
No matching quizzes found
Score Distribution
Percent of People with Each Score
Percentile by Number Answered
Your Score History
You have not taken this quiz